Neviditeľné brzdy hospodárskeho rozvoja

Nemerateľné chyby v myslení (ovplyvnené predchádzajúcim spoločenským, politickým a hospodárskym systémom) brzdiace rozvoj v makroekonomickom i podnikovom meradle. Nepoznanie fungovania trhového mechanizmu, potreba využiť jeho výhody a s nevýhodami vedieť zaobchádzať. Autoritatívny kontra kooperatívn...

Ausführliche Beschreibung

Gespeichert in:
Bibliographische Detailangaben
1. Verfasser: Brežný, Vladimír
Format: Buchkapitel
Sprache:Slowakisch
Schlagworte:
Tags: Tag hinzufügen
Keine Tags, Fügen Sie das erste Tag hinzu!

MARC

LEADER 00000naa a2200000 4500
001 r016382
005 20221205091218.2
041 0 |a slo 
044 |a SK 
245 1 0 |a Neviditeľné brzdy hospodárskeho rozvoja  |c Vladimír Brežný 
520 |a Nemerateľné chyby v myslení (ovplyvnené predchádzajúcim spoločenským, politickým a hospodárskym systémom) brzdiace rozvoj v makroekonomickom i podnikovom meradle. Nepoznanie fungovania trhového mechanizmu, potreba využiť jeho výhody a s nevýhodami vedieť zaobchádzať. Autoritatívny kontra kooperatívny štýl riadenia, zodpovednosť nadriadeného za rozhodovanie, spolupôsobenie rozhodujúcich procesov - Lattmanova schéma. Personálny manažment, vzťahy k firme obojstranne výhodné pre nadriadených a podriadených, dobrá pracovná klíma. 
610 2 0 |a riadenie 
610 2 0 |a vedenie 
610 2 0 |a nadriadení 
610 2 0 |a podriadení 
610 2 0 |a klíma 
610 2 0 |a zodpovednosť 
610 2 0 |a rozhodovanie podnikové 
610 2 0 |a manažment personálny 
100 1 |a Brežný, Vladimír